| 000 | 00341nam a2200121Ia 4500 | ||
|---|---|---|---|
| 008 | 170221s9999 xx 000 0 und d | ||
| 100 | _aRon Perrin | ||
| 245 | _aEditorial Volume 7 Issue 2 | ||
| 245 | _cRon Perrin, Ciorstan Smark, and Greg Laing | ||
| 260 | _c2014 | ||
| 650 | _xBusiness | ||
| 856 | _uhttp://ro.uow.edu.au/aabfj/vol7/iss2/1/ | ||
| 999 |
_c309478 _d309478 |
||